Asomor itihash (Record no. 11317)
[ view plain ]
| 000 -LEADER | |
|---|---|
| fixed length control field | 00509nam a22001817a 4500 |
| 005 - DATE AND TIME OF LATEST TRANSACTION | |
| control field | 20230121133647.0 |
| 008 - FIXED-LENGTH DATA ELEMENTS--GENERAL INFORMATION | |
| fixed length control field | 220601b ||||| |||| 00| 0 eng d |
| 040 ## - CATALOGING SOURCE | |
| Original cataloging agency | IN-DiNC |
| Transcribing agency | IN-DiNC |
| 041 ## - LANGUAGE CODE | |
| Language code of sung or spoken text | Assamese |
| 082 ## - DEWEY DECIMAL CLASSIFICATION NUMBER | |
| Classification number | 954.162 |
| Item number | HUS |
| 100 ## - MAIN ENTRY--PERSONAL NAME | |
| Personal name | Hussain, Tasadduque Amanul |
| Relator term | Author |
| 245 ## - TITLE STATEMENT | |
| Title | Asomor itihash |
| Statement of responsibility, etc. | By Tasadduque Amanul Hussain |
| Remainder of title | adhunik yog 1826-1947 |
| 250 ## - EDITION STATEMENT | |
| Edition statement | 1st ed. |
| 260 ## - PUBLICATION, DISTRIBUTION, ETC. | |
| Place of publication, distribution, etc. | Dibrugarh: |
| Name of publisher, distributor, etc. | Banalata, |
| Date of publication, distribution, etc. | 2021. |
| 300 ## - PHYSICAL DESCRIPTION | |
| Extent | 207p. |
| 650 ## - SUBJECT ADDED ENTRY--TOPICAL TERM | |
| Topical term or geographic name entry element | History of modern assam |
| 942 ## - ADDED ENTRY ELEMENTS (KOHA) | |
| Source of classification or shelving scheme | Dewey Decimal Classification |
| Koha item type | Books |
| Withdrawn status | Lost status | Source of classification or shelving scheme | Damaged status | Not for loan | Collection code | Home library | Current library | Shelving location | Date acquired | Cost, normal purchase price | Total Checkouts | Full call number | Barcode | Date last seen | Date last checked out | Copy number | Price effective from | Koha item type | Date due |
|---|---|---|---|---|---|---|---|---|---|---|---|---|---|---|---|---|---|---|---|
| Dewey Decimal Classification | History | Central Library, Naharkatiya College | Central Library, Naharkatiya College | General Stacks | 01/06/2022 | 250.00 | 14 | 954.162 | 28912 | 01/09/2025 | 20/08/2025 | 1 | 01/06/2022 | Books | |||||
| Dewey Decimal Classification | History | Central Library, Naharkatiya College | Central Library, Naharkatiya College | General Stacks | 01/06/2022 | 250.00 | 18 | 954.162 | 28913 | 17/11/2025 | 31/10/2025 | 2 | 01/06/2022 | Books | |||||
| Dewey Decimal Classification | History | Central Library, Naharkatiya College | Central Library, Naharkatiya College | General Stacks | 01/06/2022 | 250.00 | 4 | 954.162 | 28914 | 13/02/2024 | 25/01/2024 | 3 | 01/06/2022 | Books | |||||
| Dewey Decimal Classification | History | Central Library, Naharkatiya College | Central Library, Naharkatiya College | General Stacks | 21/01/2023 | 250.00 | 6 | 954.162 HUS | 29227 | 04/03/2025 | 18/02/2025 | 4 | 21/01/2023 | Books | |||||
| Dewey Decimal Classification | History | Central Library, Naharkatiya College | Central Library, Naharkatiya College | General Stacks | 21/01/2023 | 250.00 | 4 | 954.162 HUS | 29228 | 06/06/2024 | 10/05/2024 | 5 | 21/01/2023 | Books | |||||
| Dewey Decimal Classification | History | Central Library, Naharkatiya College | Central Library, Naharkatiya College | General Stacks | 21/01/2023 | 250.00 | 12 | 954.162 HUS | 29229 | 14/10/2025 | 14/10/2025 | 6 | 21/01/2023 | Books | 01/11/2025 |
